ACCOMPAGNEMENT DES STAGIAIRES (notice n° 1552836)
[ vue normale ]
| 000 -LEADER | |
|---|---|
| fixed length control field | 02211cam a2200289zu 4500 |
| 003 - CONTROL NUMBER IDENTIFIER | |
| control field | FRCYB88972110 |
| 005 - DATE AND TIME OF LATEST TRANSACTION | |
| control field | 20251020123038.0 |
| 008 - FIXED-LENGTH DATA ELEMENTS--GENERAL INFORMATION | |
| fixed length control field | 251020s2024 fr | o|||||0|0|||fre d |
| 020 ## - INTERNATIONAL STANDARD BOOK NUMBER | |
| International Standard Book Number | 9782760560468 |
| 035 ## - SYSTEM CONTROL NUMBER | |
| System control number | FRCYB88972110 |
| 040 ## - CATALOGING SOURCE | |
| Original cataloging agency | FR-PaCSA |
| Language of cataloging | fr |
| Transcribing agency | |
| Description conventions | rda |
| 100 1# - MAIN ENTRY--PERSONAL NAME | |
| Personal name | Correa Molina, Enrique |
| 245 01 - TITLE STATEMENT | |
| Title | ACCOMPAGNEMENT DES STAGIAIRES |
| Remainder of title | L'argumentation réflexive au service du formateur |
| Statement of responsibility, etc. | ['Correa Molina, Enrique', 'Gervais, Colette'] |
| 264 #1 - PRODUCTION, PUBLICATION, DISTRIBUTION, MANUFACTURE, AND COPYRIGHT NOTICE | |
| Name of producer, publisher, distributor, manufacturer | Presses de l'Université du Québec |
| Date of production, publication, distribution, manufacture, or copyright notice | 2024 |
| 300 ## - PHYSICAL DESCRIPTION | |
| Extent | p. |
| 336 ## - CONTENT TYPE | |
| Content type code | txt |
| Source | rdacontent |
| 337 ## - MEDIA TYPE | |
| Media type code | c |
| Source | rdamdedia |
| 338 ## - CARRIER TYPE | |
| Carrier type code | c |
| Source | rdacarrier |
| 520 ## - SUMMARY, ETC. | |
| Summary, etc. | Les stages occupent une place centrale dans la formation initiale des futures cohortes enseignantes. La présence de formatrices et de formateurs compétents pour accompagner les stagiaires constitue un élément crucial dans leur parcours professionnalisant. Pour la personne qui s’occupe de la formation, s’engager dans un tel processus consiste à accepter d’endosser un véritable rôle formateur afin d’aider les stagiaires à axer leur pratique sur la réflexion, l’autonomie et la responsabilisation de leurs actes, en plus de les outiller pour ce faire. Cet ouvrage a été conçu à partir de projets de recherches que les auteurs ont menés sur les stages. Un objet d’étude les a particulièrement intéressés?: l’accès au savoir issu de l’expérience et de la pratique. Le dispositif de formation présenté entre ces pages, soit l’argumentation réflexive, se veut une approche à la fois structurée et respectueuse d’un contexte normal de stage. Alliant pragmatisme et théorie, L’accompagnement des stagiaires?: l’argumentation réflexive au service du formateur se destine aux responsables de la formation des enseignantes et des enseignants, mais aussi à celles et ceux qui désirent en apprendre davantage sur l’organisation et le suivi des stages. |
| 650 #0 - SUBJECT ADDED ENTRY--TOPICAL TERM | |
| Topical term or geographic name entry element | |
| 700 0# - ADDED ENTRY--PERSONAL NAME | |
| Personal name | Correa Molina, Enrique |
| 700 0# - ADDED ENTRY--PERSONAL NAME | |
| Personal name | Gervais, Colette |
| 856 40 - ELECTRONIC LOCATION AND ACCESS | |
| Access method | Cyberlibris |
| Uniform Resource Identifier | <a href="https://international.scholarvox.com/netsen/book/88972110">https://international.scholarvox.com/netsen/book/88972110</a> |
| Electronic format type | text/html |
| Host name | |
Pas d'exemplaire disponible.




Réseaux sociaux